Sports Quiz

Random Sports or MLB Quiz

Opening Day Lineups: Diamondbacks Quiz Stats

 Plays Quiz Updated Apr 4, 2019

Score 0/198 Timer 14:00
4 Plays Today
Year Player % Correct
1999Randy Johnson
94.9%
2000Randy Johnson
94.9%
2001Randy Johnson
94.9%
2002Randy Johnson
94.9%
2003Randy Johnson
94.9%
2004Randy Johnson
94.9%
2010Kelly Johnson
91.6%
2018Paul Goldschmidt
90.7%
1999Luis Gonzalez
90.5%
2000Luis Gonzalez
90.5%
2001Luis Gonzalez
90.5%
2002Luis Gonzalez
90.5%
2003Luis Gonzalez
90.5%
2004Luis Gonzalez
90.5%
2005Luis Gonzalez
90.5%
2006Luis Gonzalez
90.5%
2017Paul Goldschmidt
90.2%
2016Paul Goldschmidt
89.4%
2015Paul Goldschmidt
88.9%
2014Paul Goldschmidt
87.9%
2013Paul Goldschmidt
86.9%
2012Paul Goldschmidt
84.8%
2019Zack Greinke
82.3%
2017Zack Greinke
79.4%
2006Brandon Webb
76.7%
2007Brandon Webb
76.7%
2008Brandon Webb
76.7%
2009Brandon Webb
76.7%
2016Zack Greinke
76.5%
1998Matt Williams
75.7%
1999Matt Williams
75.7%
2001Matt Williams
75.7%
2003Matt Williams
75.7%
2008Justin Upton
75.1%
2010Justin Upton
73%
2019Adam Jones
71.6%
2012Justin Upton
71.2%
2018A.J. Pollock
69.6%
2017A.J. Pollock
68.8%
2008Mark Reynolds
67.7%
2012Miguel Montero
66.2%
2013Miguel Montero
65.9%
2014Miguel Montero
65.7%
2007Chris Young
65.6%
2008Chris Young
65.6%
2009Chris Young
65.6%
2010Mark Reynolds
65.5%
2018Jake Lamb
65.2%
2017Jake Lamb
64.2%
2015A.J. Pollock
63.9%
2010Chris Young
63.7%
2007Stephen Drew
63.7%
2008Stephen Drew
63.7%
2009Stephen Drew
63.7%
2012Chris Young
63.5%
2013Aaron Hill
62.9%
2014Aaron Hill
62.8%
2012Aaron Hill
62.7%
2000Tony Womack
62%
2001Tony Womack
62%
2002Tony Womack
62%
2003Tony Womack
62%
2010Stephen Drew
61.7%
2015Aaron Hill
60.9%
2001Mark Grace
60.2%
2002Mark Grace
60.2%
Year Player % Correct
2011Kelly Johnson
60%
1999Steve Finley
60%
2000Steve Finley
60%
2001Steve Finley
60%
2002Steve Finley
60%
2003Steve Finley
60%
2004Steve Finley
60%
2019Ketel Marte
59.9%
2019David Peralta
59.8%
2016Jake Lamb
59.5%
2014AJ Pollock
59.5%
2018David Peralta
59.5%
2006Conor Jackson
58.9%
2007Conor Jackson
58.9%
2008Conor Jackson
58.9%
2009Conor Jackson
58.9%
2010Miguel Montero
57.7%
2010Conor Jackson
57.1%
2013A.J. Pollock
57.1%
2017David Peralta
56.3%
2019Nick Ahmed
55.2%
1998Jay Bell
55.1%
1999Jay Bell
55.1%
2000Jay Bell
55.1%
2001Jay Bell
55.1%
2018Nick Ahmed
54.9%
2002Craig Counsell
53.3%
2005Craig Counsell
53.3%
2006Craig Counsell
53.3%
2018Ketel Marte
53.3%
2017Chris Owings
52.7%
2018Patrick Corbin
52.7%
2019Christian Walker
52.6%
2016David Peralta
52.5%
2017Yasmany Tomas
51.3%
2016Chris Owings
51.2%
2016Yasmany Tomas
50.3%
2016Welington Castillo
50.2%
2010Dan Haren
49.8%
2012Ian Kennedy
49.5%
2015Chris Owings
49.5%
2016Nick Ahmed
49.1%
2013Ian Kennedy
48.8%
2019Eduardo Escobar
48.8%
2014Chris Owings
47.9%
2011Justin Upton
47.8%
2000Damian Miller
47.4%
2001Damian Miller
47.4%
2002Damian Miller
47.4%
2016Jean Segura
47.3%
1998Travis Lee
46.4%
1999Travis Lee
46.4%
2000Travis Lee
46.4%
2015Nick Ahmed
45.9%
2005Koyie Hill
45.4%
2006Orlando Hudson
45.4%
2007Orlando Hudson
45.4%
2008Orlando Hudson
45.4%
2013Gerardo Parra
44.3%
2014Gerardo Parra
43.9%
2011Miguel Montero
42.7%
2011Chris Young
42.1%
2013Martín Prado
41.2%
2014Martin Prado
40.8%
2009Tony Clark
40.7%
1998Devon White
39.5%
Year Player % Correct
2006Eric Byrnes
39.5%
2007Eric Byrnes
39.5%
2008Eric Byrnes
39.5%
2009Eric Byrnes
39.5%
2018Alex Avila
39.4%
2019John Ryan Murphy
39%
2017Brandon Drury
38.5%
2005Shawn Green
38.2%
2006Shawn Green
38.2%
2014Mark Trumbo
37.7%
2017Jeff Mathis
36.9%
2001Danny Bautista
36.9%
2002Danny Bautista
36.9%
2003Danny Bautista
36.9%
2004Danny Bautista
36.9%
2015Ender Inciarte
36.6%
2015Mark Trumbo
36%
2005Troy Glaus
35.8%
2007Chris Snyder
35.5%
2008Chris Snyder
35.5%
2009Chris Snyder
35.5%
2012Ryan Roberts
34.4%
2010Adam LaRoche
34%
2005Chad Tracy
33.7%
2006Chad Tracy
33.7%
2007Chad Tracy
33.7%
2009Chad Tracy
33.7%
2018Jarrod Dyson
33.6%
2002Junior Spivey
33.3%
2003Junior Spivey
33.3%
2011Ian Kennedy
32.9%
2019Wilmer Flores
32.2%
2015Josh Collmenter
32.1%
2004Richie Sexson
31.6%
2014Wade Miley
31.4%
2009Felipe Lopez
30.7%
1999Tony Batista
29.8%
2012Jason Kubel
29.6%
2003Lyle Overbay
29%
2013Jason Kubel
28.9%
2000Erubiel Durazo
28.7%
2012Willie Bloomquist
28.5%
2011Gerardo Parra
27.9%
1998Karim Garcia
26.9%
2004Roberto Alomar
25.8%
2013Cliff Pennington
25.6%
1998Andy Benes
24.9%
2015Tuffy Gosewisch
24.1%
1999Kelly Stinnett
22.6%
2004Shea Hillenbrand
22.4%
2005Royce Clayton
21.8%
2005Jose Cruz
21%
2005Javier Vazquez
20.7%
2004Alex Cintron
20.2%
2006Johnny Estrada
20.1%
2000Lenny Harris
19.5%
2011Willie Bloomquist
18.5%
2003Chad Moeller
18.3%
1998Jorge Fabregas
17.4%
1998Edwin Diaz
16.8%
1999Bernard Gilkey
16.2%
2011Melvin Mora
15.8%
2007Scott Hairston
14.9%
1998Brent Brede
14.6%
2004Brent Mayne
13.7%
2011Juan Miranda
12.5%

You're not logged in!

Compare scores with friends on all Sporcle quizzes.
OR
Log In

Sporcle TV

Today on Sporcle TV


Watch our educational content, quiz creation guides, and fun videos on Sporcle TV.

Show Comments

Extras

Top Quizzes Today


Score Distribution

Your Account Isn't Verified!

In order to create a playlist on Sporcle, you need to verify the email address you used during registration. Go to your Sporcle Settings to finish the process.

Report this User

Report this user for behavior that violates our Community Guidelines.

Details: